000 00346nam a22001337a 4500
008 250414b |||||||| |||| 00| 0 eng d
020 _a0023804904
050 _aHF1017
_b.M46
100 _aMENDENHALL W.
245 _aBusiness Statistics Regression Analysis
260 _aLondon
_bCollier MacMillan Publishers
300 _axi, 789p.
942 _cBK
999 _c2990
_d2990